000 00363nam a22001337a 4500
999 _c27651
_d27651
008 250218b ||||| |||| 00| 0 eng d
082 0 0 _a823
_bB297
100 _95765
_aTilley, H. H.
245 1 0 _aEast to calicut and other plays
_cH. H. Tilley
260 _aBombay:
_bBlackie & Son India Ltd,
_c1955.
300 _a116 p.
650 0 _aEnglish fiction
942 _cBK